| 000 | 01239nam a2200325Ia 4500 | ||
|---|---|---|---|
| 005 | 20171027162732.0 | ||
| 008 | 130821s2010 ag gr spa | ||
| 020 | _a9789875001428 | ||
| 040 |
_aCo-BoUCM _bspa _cSandra Palacio (modificó) _d[Nuevo] |
||
| 041 | 0 | 0 | _aspa |
| 100 | 1 |
_aDerrida, Jacques _91494 |
|
| 245 | 1 | 0 |
_aSeminario la bestia y el soberano 2001-2002 _cJacques Derrida ; edición establecida por Michel Lisse, Marie-Louise Mallet y Ginette Michaud ; traducción por Cristina de Peretti y Delmiro Rocha |
| 260 |
_aBuenos Aires (Argentina) _bEdiciones Manantial _c2010 |
||
| 300 | _a406 páginas (v. 1) | ||
| 490 | _aBordes | ||
| 500 | _aIncluye índice. | ||
| 650 |
_aFilosofía francesa _ySiglo XX _962556 |
||
| 650 |
_aFilosofía _975 |
||
| 650 |
_aPoder (Ciencias sociales) _9342 |
||
| 650 |
_aResponsabilidad _xFilosofía _923663 |
||
| 650 |
_aSoberanía _xFilosofía _924689 |
||
| 700 | 1 |
_aLisse, Michel _988088 |
|
| 700 | 1 |
_aMallet, Marie-Louise _988089 |
|
| 700 | 1 |
_aMichaud, Ginette _988090 |
|
| 700 | 1 |
_aPeretti, Cristina de _988091 |
|
| 700 | 1 |
_aRocha, Delmiro _988092 |
|
| 765 | 1 | _tSéminaire la béte et le souverain | |
| 942 |
_cLIBRO _a2 _e1 _mD438s _2DEWEY _h194 |
||
| 999 |
_c73648 _d73648 |
||